[Event "EU-ch Rapid (Women)"]
[Site "Monaco"]
[Date "2024.01.13"]
[Round "3"]
[White "Caku, Kler"]
[Black "Gaprindashvili, Nona"]
[Result "0-1"]
[WhiteElo "1744"]
[BlackElo "2243"]
[PlyCount "170"]
[EventDate "2024.01.13"]
[EventType "swiss (rapid)"]
[EventRounds "11"]
[EventCountry "MNC"]
[SourceTitle "CB03_2024"]
[SourceDate "2024.01.17"]
[SourceVersion "1"]
[SourceVersionDate "2024.01.17"]
[SourceQuality "1"]

1. e4 b6 2. d4 Bb7 3. Nc3 e6 4. Nf3 Bb4 5. Bd3 Nf6 6. Qe2 d5 7. e5 Ne4 8. Bd2 Nxd2 9. Nxd2 c5 10. Qg4 0-0 11. a3 Bxc3 12. bxc3 c4 13. Be2 f5 14. Qf3 Nc6 15. h4 b5 16. h5 a5 17. Rb1 b4 18. cxb4 axb4 19. axb4 Nxd4 20. Qc3 Qb6 21. Nf3 Nb5 22. Qe3 d4 23. Qg5 Bd5 24. h6 g6 25. Nh4 Qd8 26. Qg3 Qe7 27. Bh5 Kh8 28. Qxg6 Na3 29. Rc1 Nxc2+ 30. Kf1 d3 31. Qg7+ Qxg7 32. hxg7+ Kxg7 33. Kg1 Nxb4 34. Kh2 Ra2 35. f4 Nc2 36. Bd1 Ne3 37. Bf3 Bxf3 38. Nxf3 Rxg2+ 39. Kh3 Rf2 40. Nd4 Kf7 41. Kg3 Rb2 42. Rxh7+ Kg6 43. Rch1 Ng4 44. Nxe6 Rf7 45. Rh8 Re7 46. Nf8+ Kf7 47. e6+ Kf6 48. Nd7+ Kxe6 49. Nc5+ Kd5 50. Na4 Re3+ 51. Kh4 Rh2+ 52. Rxh2 Nxh2 53. Rd8+ Ke4 54. Nc3+ Kf3 55. Kh3 Ng4 56. Kh4 Re1 57. Kg5 Rc1 58. Nb5 Ne3 59. Nd4+ Kf2 60. Nb5 Rg1+ 61. Kf6 Kf3 62. Ke5 Rb1 63. Nc3 Rc1 64. Nb5 Rb1 65. Nc3 Rb3 66. Na2 Kf2 67. Nc1 Rc3 68. Na2 Rc2 69. Nb4 Rc1 70. Nxd3+ cxd3 71. Rxd3 Kf3 72. Rd4 Rc5+ 73. Kf6 Kg4 74. Ra4 Rc6+ 75. Ke5 Ng2 76. Rb4 Rc5+ 77. Kd4 Rc8 78. Kd3 Rd8+ 79. Ke2 Nxf4+ 80. Ke3 Rd3+ 81. Kf2 Rf3+ 82. Kg1 Rc3 83. Rb1 Kg3 84. Ra1 Nd3 85. Rb1 Rc1+ 0-1

[Event "Wch Seniors (Women) 31st"]
[Site "Terassini"]
[Date "2023.11.05"]
[Round "11"]
[White "Gaprindashvili, Nona"]
[Black "Ni, Polina"]
[Result "1-0"]
[WhiteElo "2267"]
[BlackElo "1866"]
[PlyCount "49"]
[EventDate "2023.10.25"]
[EventType "swiss"]
[EventRounds "11"]
[EventCountry "ITA"]
[SourceTitle "Mega2024 Update 01"]
[Source "Chessbase"]
[SourceDate "2023.11.12"]
[SourceVersion "1"]
[SourceVersionDate "2023.11.12"]
[SourceQuality "1"]

1. d4 d5 2. c4 dxc4 3. Nf3 a6 4. e3 Bg4 5. Bxc4 e6 6. h3 Bxf3 7. Qxf3 Nc6 8. 0-0 Nf6 9. Rd1 Be7 10. Nc3 0-0 11. Bb3 Qc8 12. e4 e5 13. dxe5 Nxe5 14. Qe2 c6 15. f4 Ng6 16. e5 Bc5+ 17. Kh1 Re8 18. Qc4 Nxe5 19. fxe5 Rxe5 20. Bf4 Rh5 21. Qxf7+ Kh8 22. Be6 Qf8 23. Qxf8+ Rxf8 24. g4 Rxh3+ 25. Kg2 1-0

[Event "Wch Seniors (Women) 31st"]
[Site "Terassini"]
[Date "2023.11.04"]
[Round "10"]
[White "Tereladze, Sopiko"]
[Black "Gaprindashvili, Nona"]
[Result "1-0"]
[WhiteElo "2215"]
[BlackElo "2267"]
[PlyCount "193"]
[EventDate "2023.10.25"]
[EventType "swiss"]
[EventRounds "11"]
[EventCountry "ITA"]
[SourceTitle "Mega2024 Update 01"]
[Source "Chessbase"]
[SourceDate "2023.11.12"]
[SourceVersion "1"]
[SourceVersionDate "2023.11.12"]
[SourceQuality "1"]

1. e4 g6 2. d4 c6 3. Nc3 d5 4. e5 Bg7 5. h3 Nh6 6. g4 f6 7. f4 Nf7 8. Be3 Qb6 9. Na4 Qa5+ 10. c3 Na6 11. b4 Nxb4 12. cxb4 Qxb4+ 13. Kf2 fxe5 14. fxe5 0-0 15. Nf3 Bxe5 16. dxe5 Nxe5 17. Bg2 Bxg4 18. hxg4 Nxg4+ 19. Ke2 Qe4 20. Qd4 Rf4 21. Nc3 Qc2+ 22. Qd2 Nxe3 23. Qxc2 Nxc2 24. Rac1 Na3 25. Ne5 Rf5 26. Nd3 e5 27. Nxd5 cxd5 28. Bxd5+ Kg7 29. Rc7+ Kf6 30. Rxb7 Rc8 31. Rxa7 Nb5 32. Rf7+ Kg5 33. Rg1+ Kh6 34. Rxf5 gxf5 35. Bb3 Nd4+ 36. Kd1 Nxb3 37. axb3 Rc3 38. Nc1 e4 39. Kd2 Rf3 40. b4 f4 41. Re1 Rf2+ 42. Re2 e3+ 43. Kc3 Rf1 44. Nd3 Kg5 45. b5 Ra1 46. b6 Ra8 47. Rg2+ Kf5 48. Rg7 Rb8 49. b7 Kf6 50. Rc7 f3 51. Nb4 f2 52. Nd5+ Ke5 53. Nxe3 Kd6 54. Rf7 Kc6 55. Nc4 f1Q 56. Rxf1 Kxb7 57. Rf7+ Kc6 58. Rxh7 Rb1 59. Rh6+ Kc5 60. Rh5+ Kc6 61. Ne3 Kd6 62. Kd4 Ke6 63. Rh6+ Kf7 64. Nf5 Re1 65. Ng3 Rg1 66. Nh5 Re1 67. Ng3 Rg1 68. Ne4 Ra1 69. Kd5 Ra5+ 70. Nc5 Ra1 71. Ke5 Re1+ 72. Ne4 Kg7 73. Rb6 Kf7 74. Rf6+ Kg7 75. Rf4 Kg6 76. Ke6 Re3 77. Rg4+ Kh5 78. Rg8 Kh6 79. Kf5 Rf3+ 80. Ke5 Re3 81. Rg1 Ra3 82. Nd6 Ra5+ 83. Kf6 Kh5 84. Nf7 Ra2 85. Nd6 Kh4 86. Ke5 Kh3 87. Ne4 Ra8 88. Rg6 Ra1 89. Nf2+ Kh4 90. Rg2 Ra5+ 91. Kf4 Kh5 92. Ne4 Kh6 93. Nd6 Ra1 94. Ke5 Re1+ 95. Kf6 Kh5 96. Nf5 Ra1 97. Rg5# 1-0

[Event "Wch Seniors (Women) 31st"]
[Site "Terassini"]
[Date "2023.11.03"]
[Round "9"]
[White "Gaprindashvili, Nona"]
[Black "Mikhaylova, Irina"]
[Result "1/2-1/2"]
[WhiteElo "2267"]
[BlackElo "2216"]
[PlyCount "62"]
[EventDate "2023.10.25"]
[EventType "swiss"]
[EventRounds "11"]
[EventCountry "ITA"]
[SourceTitle "Mega2024 Update 01"]
[Source "Chessbase"]
[SourceDate "2023.11.12"]
[SourceVersion "1"]
[SourceVersionDate "2023.11.12"]
[SourceQuality "1"]

1. d4 Nf6 2. c4 g6 3. Nc3 d5 4. cxd5 Nxd5 5. e4 Nxc3 6. bxc3 Bg7 7. Be3 c5 8. Rc1 Qa5 9. Qd2 cxd4 10. cxd4 Qxd2+ 11. Kxd2 0-0 12. Nf3 Rd8 13. d5 e6 14. Bc4 exd5 15. Bxd5 Nc6 16. Ke2 Be6 17. Bxe6 fxe6 18. Rhd1 h6 19. Rb1 b6 20. Rdc1 Rac8 21. Rc4 Na5 22. Rxc8 Rxc8 23. Rd1 Rc2+ 24. Kf1 Nc4 25. Rd8+ Kh7 26. Bd4 e5 27. Be3 Rxa2 28. Rd7 Nxe3+ 29. fxe3 Ra4 30. Ke2 Rxe4 31. Rxa7 b5 1/2-1/2

[Event "Wch Seniors (Women) 31st"]
[Site "Terassini"]
[Date "2023.11.02"]
[Round "8"]
[White "Krasenkova, Ilena"]
[Black "Gaprindashvili, Nona"]
[Result "1/2-1/2"]
[WhiteElo "2089"]
[BlackElo "2267"]
[PlyCount "47"]
[EventDate "2023.10.25"]
[EventType "swiss"]
[EventRounds "11"]
[EventCountry "ITA"]
[SourceTitle "Mega2024 Update 01"]
[Source "Chessbase"]
[SourceDate "2023.11.12"]
[SourceVersion "1"]
[SourceVersionDate "2023.11.12"]
[SourceQuality "1"]

1. d4 c5 2. d5 e5 3. e4 d6 4. Bb5+ Nd7 5. a4 g6 6. Nf3 f6 7. Nc3 Nh6 8. 0-0 Bg7 9. a5 a6 10. Bc4 Nf7 11. Be3 0-0 12. Nd2 Bh6 13. Qe2 Bxe3 14. Qxe3 b5 15. axb6 Nxb6 16. Ra3 Nxc4 17. Nxc4 Rb8 18. b3 Qc7 19. Rfa1 Kg7 20. Ne2 Re8 21. Nc3 Rb4 22. Na2 Rb8 23. Nc3 Rb4 24. Na2 1/2-1/2

[Event "Wch Seniors (Women) 31st"]
[Site "Terassini"]
[Date "2023.11.01"]
[Round "7"]
[White "Pancu, Aureliana Eugenia"]
[Black "Gaprindashvili, Nona"]
[Result "0-1"]
[WhiteElo "1865"]
[BlackElo "2267"]
[PlyCount "70"]
[EventDate "2023.10.25"]
[EventType "swiss"]
[EventRounds "11"]
[EventCountry "ITA"]
[SourceTitle "Mega2024 Update 01"]
[Source "Chessbase"]
[SourceDate "2023.11.12"]
[SourceVersion "1"]
[SourceVersionDate "2023.11.12"]
[SourceQuality "1"]

1. Nf3 g6 2. g3 Bg7 3. Bg2 e5 4. d3 d5 5. Nbd2 Ne7 6. e4 c6 7. 0-0 0-0 8. Re1 d4 9. a4 c5 10. Nc4 Nbc6 11. Bd2 b6 12. Qc1 f6 13. Bh6 Be6 14. Bxg7 Kxg7 15. Ncd2 Nb4 16. Bf1 Rc8 17. b3 Qc7 18. Nb1 a6 19. Na3 Rb8 20. c3 dxc3 21. Qxc3 Nec6 22. Nc2 Nxc2 23. Qxc2 Qf7 24. Rab1 Rbc8 25. h3 Nd4 26. Nxd4 cxd4 27. Qd2 Rc3 28. b4 Rfc8 29. Rb2 Qd7 30. a5 b5 31. h4 R8c7 32. f4 h6 33. h5 g5 34. f5 Bb3 35. Qf2 Qd6 0-1

[Event "Wch Seniors (Women) 31st"]
[Site "Terassini"]
[Date "2023.10.26"]
[Round "2"]
[White "Wagner Michel, Annett"]
[Black "Gaprindashvili, Nona"]
[Result "1/2-1/2"]
[WhiteElo "2033"]
[BlackElo "2267"]
[PlyCount "71"]
[EventDate "2023.10.25"]
[EventType "swiss"]
[EventRounds "11"]
[EventCountry "ITA"]
[SourceTitle "Mega2024 Update 01"]
[Source "Chessbase"]
[SourceDate "2023.11.12"]
[SourceVersion "1"]
[SourceVersionDate "2023.11.12"]
[SourceQuality "1"]

1. e4 b6 2. d4 Bb7 3. Bd3 e6 4. Nf3 c5 5. c4 cxd4 6. Nxd4 Nc6 7. Nxc6 Bxc6 8. 0-0 d6 9. Nc3 Nf6 10. Qe2 Be7 11. b3 0-0 12. Bb2 Qc7 13. Rac1 Rad8 14. Nd5 Bxd5 15. cxd5 Qb7 16. Ba6 Qb8 17. dxe6 fxe6 18. Bc4 d5 19. exd5 exd5 20. Qxe7 Rf7 21. Qe2 Re8 22. Qd3 dxc4 23. Rxc4 b5 24. Rh4 Rd7 25. Qh3 Qb7 26. Qf5 Qd5 27. Qxd5+ Rxd5 28. Bxf6 gxf6 29. Rf4 Kg7 30. g4 Re2 31. a4 Rb2 32. axb5 Rxb5 33. Ra1 a5 34. Rfa4 Rb4 35. h3 R2xb3 36. Rxa5 1/2-1/2

[Event "EU-ch Seniors 65 22nd"]
[Site "Acqui Terme"]
[Date "2023.06.01"]
[Round "7"]
[White "Kortis, Wim"]
[Black "Gaprindashvili, Nona"]
[Result "1/2-1/2"]
[WhiteElo "2110"]
[BlackElo "2274"]
[PlyCount "59"]
[EventDate "2023.05.26"]
[EventType "swiss"]
[EventRounds "9"]
[EventCountry "ITA"]
[SourceTitle "CBM 214 Extra"]
[Source "ChessBase"]
[SourceDate "2023.07.31"]
[SourceVersion "1"]
[SourceVersionDate "2023.07.31"]
[SourceQuality "1"]

1. Nf3 d6 2. g3 e5 3. d3 f5 4. Bg2 Nf6 5. c4 c6 6. 0-0 Be7 7. c5 Na6 8. cxd6 Bxd6 9. Nbd2 Bc7 10. b3 Qe7 11. Bb2 0-0 12. Nc4 Nd7 13. Qd2 Re8 14. e4 fxe4 15. dxe4 Nac5 16. Qc2 Qf6 17. Rad1 Qg6 18. Ncxe5 Nxe5 19. Qxc5 Nxf3+ 20. Bxf3 Bb6 21. Qc3 Re7 22. Rfe1 Rf7 23. Rd2 Be6 24. Ba3 Qg5 25. Bg2 h5 26. Bd6 h4 27. gxh4 Qxh4 28. Bg3 Qh5 29. Kh1 Raf8 30. f4 1/2-1/2

[Event "EU-ch Seniors 65 22nd"]
[Site "Acqui Terme"]
[Date "2023.05.26"]
[Round "1"]
[White "Algars, Olle"]
[Black "Gaprindashvili, Nona"]
[Result "0-1"]
[WhiteElo "1856"]
[BlackElo "2274"]
[PlyCount "104"]
[EventDate "2023.05.26"]
[EventType "swiss"]
[EventRounds "9"]
[EventCountry "ITA"]
[SourceTitle "CBM 214 Extra"]
[Source "ChessBase"]
[SourceDate "2023.07.31"]
[SourceVersion "1"]
[SourceVersionDate "2023.07.31"]
[SourceQuality "1"]

1. e4 b6 2. d4 Bb7 3. Bd3 g6 4. Nf3 Bg7 5. Qe2 e6 6. Bg5 Ne7 7. e5 h6 8. Bxe7 Qxe7 9. Nbd2 d6 10. exd6 cxd6 11. c3 0-0 12. 0-0 Nd7 13. Rfe1 Nf6 14. g3 Qc7 15. Ne4 Nd7 16. Ba6 Bc6 17. Rac1 Rfb8 18. Bd3 b5 19. Ned2 Qb7 20. Be4 Rc8 21. Bxc6 Qxc6 22. Qe4 Qxe4 23. Nxe4 Bf8 24. Ned2 Rc7 25. a3 a5 26. Nb3 Nb6 27. Re2 Nc4 28. Ne1 a4 29. Na1 e5 30. dxe5 dxe5 31. Nd3 Re8 32. Nc2 Rd7 33. Ncb4 Bxb4 34. Nxb4 Red8 35. Rcc2 Rd1+ 36. Kg2 R8d6 37. f3 f5 38. Kf2 Kf7 39. Re1 R1d2+ 40. Re2 Rd1 41. Re1 Rxe1 42. Kxe1 Ke6 43. Re2 g5 44. Nc2 Kf6 45. Ne3 Nxe3 46. Rxe3 Ke6 47. Ke2 Rd5 48. Rd3 Rxd3 49. Kxd3 Kd5 50. g4 f4 51. h3 e4+ 52. fxe4+ Ke5 0-1

[Event "Wch Seniors 65 30th"]
[Site "Assisi"]
[Date "2022.11.24"]
[Round "9"]
[White "Renman, Nils Gustaf"]
[Black "Gaprindashvili, Nona"]
[Result "1-0"]
[WhiteElo "2320"]
[BlackElo "2268"]
[PlyCount "159"]
[EventDate "2022.11.15"]
[EventType "swiss"]
[EventRounds "11"]
[EventCountry "ITA"]
[SourceTitle "CBM 211 Extra"]
[Source "ChessBase"]
[SourceDate "2023.01.31"]
[SourceVersion "1"]
[SourceVersionDate "2023.01.31"]
[SourceQuality "1"]

1. d4 c5 2. d5 e5 3. e4 d6 4. Nc3 g6 5. h4 f6 6. h5 Nh6 7. Be2 Na6 8. Nf3 g5 9. Nh2 Nc7 10. a4 Bd7 11. Rb1 Qc8 12. Be3 Be7 13. Qd2 Nf7 14. Nf1 0-0 15. Ng3 Nh6 16. f3 Qe8 17. b4 b6 18. bxc5 bxc5 19. 0-0 Bd8 20. Nb5 Nxb5 21. Bxb5 a6 22. Bxd7 Qxd7 23. a5 Qa4 24. Ra1 Qe8 25. Rfb1 Rf7 26. Nf1 Rfa7 27. g4 Qd7 28. Qe1 Rb7 29. Rxb7 Qxb7 30. Bd2 Rb8 31. Ne3 Qb5 32. Qf1 Nf7 33. Nc4 Kf8 34. Bc3 Bc7 35. Na3 Qxf1+ 36. Kxf1 Ke8 37. Ke2 Kd7 38. Kd3 Kc8 39. Nc4 Rb5 40. Ne3 Nh6 41. Ra3 Kb7 42. Rb3 Ka7 43. Nc4 Nf7 44. Na3 Rb7 45. Kc4 Bd8 46. Nb1 Bc7 47. Nd2 Bd8 48. Nf1 Bc7 49. Ne3 Nh6 50. Kd3 Rb5 51. Nc4 Nf7 52. Kd2 Rb7 53. Kc1 Rb5 54. Kb2 Rb7 55. Ka3 Rb5 56. Ka4 Rb7 57. Bd2 Bd8 58. Be3 Bc7 59. Bf2 Nh6 60. Nb2 Ka8 61. Nd3 Nf7 62. Rxb7 Kxb7 63. Bxc5 dxc5 64. Nxc5+ Ka7 65. Nd7 Bd8 66. c4 Kb7 67. c5 Kc7 68. Nf8 h6 69. Ne6+ Kc8 70. Kb4 Be7 71. d6 Nxd6 72. cxd6 Bxd6+ 73. Kc4 Kd7 74. Kd5 Bb4 75. Ng7 Bxa5 76. Nf5 Bd8 77. Nxh6 Ke7 78. Nf5+ Kf8 79. Kc6 Kg8 80. Nd6 1-0

[Event "Wch Seniors 65 30th"]
[Site "Assisi"]
[Date "2022.11.23"]
[Round "8"]
[White "Gaprindashvili, Nona"]
[Black "Jansa, Vlastimil"]
[Result "1/2-1/2"]
[WhiteElo "2268"]
[BlackElo "2390"]
[PlyCount "38"]
[EventDate "2022.11.15"]
[EventType "swiss"]
[EventRounds "11"]
[EventCountry "ITA"]
[SourceTitle "CBM 211 Extra"]
[Source "ChessBase"]
[SourceDate "2023.01.31"]
[SourceVersion "1"]
[SourceVersionDate "2023.01.31"]
[SourceQuality "1"]

1. d4 d6 2. c4 e5 3. Nc3 exd4 4. Qxd4 Nf6 5. b3 g6 6. Bb2 Bg7 7. g3 0-0 8. Bg2 Re8 9. Nh3 Nbd7 10. Qd2 Nc5 11. Nf4 a5 12. Rd1 Bf5 13. 0-0 Nfe4 14. Nxe4 Bxe4 15. Bxg7 Kxg7 16. Qb2+ Kg8 17. Bxe4 Nxe4 18. Nd5 c6 19. Nf4 Qe7 1/2-1/2

[Event "Wch Seniors 65 30th"]
[Site "Assisi"]
[Date "2022.11.20"]
[Round "6"]
[White "Vaisser, Anatoli"]
[Black "Gaprindashvili, Nona"]
[Result "1/2-1/2"]
[WhiteElo "2463"]
[BlackElo "2268"]
[PlyCount "130"]
[EventDate "2022.11.15"]
[EventType "swiss"]
[EventRounds "11"]
[EventCountry "ITA"]
[SourceTitle "CBM 211 Extra"]
[Source "ChessBase"]
[SourceDate "2023.01.31"]
[SourceVersion "1"]
[SourceVersionDate "2023.01.31"]
[SourceQuality "1"]

1. d4 c5 2. d5 e5 3. e4 d6 4. Nc3 g6 5. f4 f6 6. Nf3 exf4 7. Bxf4 Nh6 8. Bb5+ Nd7 9. a4 a6 10. Be2 Nf7 11. 0-0 Bg7 12. Qe1 0-0 13. Qg3 Nde5 14. Nd1 Bd7 15. a5 Bb5 16. Re1 Bxe2 17. Rxe2 Qd7 18. Nd2 Rae8 19. h3 Re7 20. Rf2 Qb5 21. Nc3 Qd7 22. Nd1 f5 23. exf5 gxf5 24. Ne3 Ng6 25. Ndc4 Nfe5 26. Raf1 Nxc4 27. Nxc4 Re4 28. Nb6 Qd8 29. Bg5 Qe8 30. c3 f4 31. Bxf4 Nxf4 32. Rxf4 Rfxf4 33. Rxf4 Qe5 34. Rg4 Re1+ 35. Kh2 Qxg3+ 36. Kxg3 Kf7 37. Nc4 Bf8 38. Rf4+ Ke8 39. Kf2 Rd1 40. Rf5 Be7 41. Rh5 h6 42. Ke2 Rg1 43. g4 Bf8 44. Rf5 Be7 45. Rf3 Rh1 46. Kd2 Bg5+ 47. Kc2 Ke7 48. Ne3 Kd7 49. Kb3 Rh2 50. Nc4 Ke7 51. Ka4 Rh1 52. Kb3 Rh2 53. Ne3 Kd7 54. Nf5 Bc1 55. Kc4 Rxb2 56. Rf1 Bg5 57. h4 Bd8 58. Nxh6 Bxh4 59. Rf7+ Ke8 60. Rh7 Bf6 61. Nf5 Be5 62. Rh6 Kd7 63. Rh7+ Ke8 64. Rh6 Kd7 65. Rh7+ Ke8 1/2-1/2

[Event "EU-ch rapid (Women)"]
[Site "Monte Carlo"]
[Date "2019.12.01"]
[Round "8"]
[White "Gaprindashvili, Nona"]
[Black "Ovod, Evgenija"]
[Result "1-0"]
[WhiteElo "2275"]
[BlackElo "2347"]
[PlyCount "71"]
[EventDate "2019.11.30"]
[EventType "swiss (rapid)"]
[EventRounds "11"]
[EventCountry "MNC"]
[SourceTitle "CBM 193 Extra"]
[Source "ChessBase"]
[SourceDate "2020.01.31"]
[SourceVersion "1"]
[SourceVersionDate "2020.01.31"]
[SourceQuality "1"]

1. d4 d5 2. c4 e6 3. Nf3 Nf6 4. Bg5 Be7 5. e3 0-0 6. Nc3 h6 7. Bh4 Ne4 8. Bxe7 Qxe7 9. Qc2 Nxc3 10. Qxc3 dxc4 11. Qxc4 b6 12. Rc1 c6 13. Be2 Ba6 14. Qc3 Bxe2 15. Kxe2 Rc8 16. Rhd1 Nd7 17. Kf1 c5 18. b4 cxd4 19. Qxc8+ Rxc8 20. Rxc8+ Kh7 21. Rc7 Qxb4 22. Nxd4 Nf6 23. Rxf7 Qc4+ 24. Ne2 Qxa2 25. Rc1 Nd5 26. e4 Nb4 27. Rcc7 Qa1+ 28. Nc1 a5 29. f4 Kg6 30. f5+ exf5 31. exf5+ Kg5 32. Rxg7+ Kxf5 33. g4+ Ke4 34. Kg2 Nd5 35. Rc4+ Ke5 36. Rg6 1-0

[Event "EU-ch rapid (Women)"]
[Site "Monte Carlo"]
[Date "2019.12.01"]
[Round "9"]
[White "Gunina, Valentina"]
[Black "Gaprindashvili, Nona"]
[Result "1-0"]
[WhiteElo "2509"]
[BlackElo "2275"]
[PlyCount "51"]
[EventDate "2019.11.30"]
[EventType "swiss (rapid)"]
[EventRounds "11"]
[EventCountry "MNC"]
[SourceTitle "CBM 193 Extra"]
[Source "ChessBase"]
[SourceDate "2020.01.31"]
[SourceVersion "1"]
[SourceVersionDate "2020.01.31"]
[SourceQuality "1"]

1. e4 b6 2. Bc4 Bb7 3. Nc3 e6 4. d3 Bb4 5. Qg4 Bxc3+ 6. bxc3 Qf6 7. Ne2 d5 8. Bg5 Qg6 9. Nf4 f5 10. Qh4 Qf7 11. exd5 exd5 12. Bb3 h6 13. Ne2 Nd7 14. 0-0 Nc5 15. Nd4 Kf8 16. Rae1 Qg6 17. Bd8 Rc8 18. Re5 Nf6 19. Bxf6 gxf6 20. Rxf5 Kg7 21. Rf3 Kf7 22. Rg3 Qh7 23. Qh5+ Kf8 24. Rg6 Qe7 25. Nf5 Qe5 26. d4 1-0

[Event "EU-ch rapid (Women)"]
[Site "Monte Carlo"]
[Date "2019.11.30"]
[Round "4"]
[White "Gaprindashvili, Nona"]
[Black "Stefanova, Antoaneta"]
[Result "0-1"]
[WhiteElo "2275"]
[BlackElo "2481"]
[PlyCount "80"]
[EventDate "2019.11.30"]
[EventType "swiss (rapid)"]
[EventRounds "11"]
[EventCountry "MNC"]
[SourceTitle "CBM 193 Extra"]
[Source "ChessBase"]
[SourceDate "2020.01.31"]
[SourceVersion "1"]
[SourceVersionDate "2020.01.31"]
[SourceQuality "1"]

1. d4 d5 2. c4 c6 3. Nf3 Nf6 4. e3 g6 5. Nc3 Bg7 6. a3 0-0 7. Be2 b6 8. b4 c5 9. 0-0 dxc4 10. bxc5 bxc5 11. Bxc4 cxd4 12. exd4 Qc7 13. Qb3 Nc6 14. Nb5 Qb6 15. Bd2 a6 16. Nc3 Qa7 17. Ne2 Bg4 18. Ne5 Bxe2 19. Nxc6 Bxc4 20. Qxc4 Qd7 21. Bb4 Rfe8 22. Ne5 Qd5 23. Rac1 a5 24. Bc5 e6 25. Rb1 Ne4 26. Qxd5 exd5 27. Nf3 g5 28. h3 h5 29. g4 hxg4 30. hxg4 f5 31. Rb7 fxg4 32. Ne5 Nxc5 33. dxc5 Bxe5 34. Kg2 Rac8 35. Rb5 d4 36. Rxa5 d3 37. Rd1 Red8 38. c6 Bf4 39. Ra6 d2 40. Kf1 Rd6 0-1

[Event "EU-ch blitz (Women)"]
[Site "Monte Carlo"]
[Date "2019.11.29"]
[Round "7"]
[White "Gaprindashvili, Nona"]
[Black "Worek, Joanna"]
[Result "0-1"]
[WhiteElo "2275"]
[BlackElo "2316"]
[PlyCount "144"]
[EventDate "2019.11.29"]
[EventType "swiss (blitz)"]
[EventRounds "13"]
[EventCountry "MNC"]
[SourceTitle "CBM 193 Extra"]
[Source "ChessBase"]
[SourceDate "2020.01.31"]
[SourceVersion "1"]
[SourceVersionDate "2020.01.31"]
[SourceQuality "1"]

1. d4 Nf6 2. c4 c5 3. d5 b5 4. cxb5 a6 5. b6 d6 6. Nc3 Nbd7 7. e4 Qxb6 8. Nf3 g6 9. Be2 Bg7 10. 0-0 0-0 11. Qc2 a5 12. Nd2 Ba6 13. Nc4 Bxc4 14. Bxc4 a4 15. Bg5 a3 16. Rab1 axb2 17. Rxb2 Qa5 18. Rb5 Qc7 19. a4 Ne5 20. Be2 c4 21. Rfb1 h6 22. Be3 Rfc8 23. Bb6 Qd7 24. a5 Nd3 25. Bxd3 cxd3 26. Qxd3 Ng4 27. Bd4 Ne5 28. Bxe5 Bxe5 29. Na4 Qc7 30. g3 Rxa5 31. Nb6 Rb8 32. Rxa5 Rxb6 33. Rab5 Rxb5 34. Qxb5 Qc2 35. Re1 Bd4 36. Re2 Qd1+ 37. Kg2 Kg7 38. Qc4 Bc5 39. Qc3+ Bd4 40. Qc2 Qa1 41. h4 h5 42. Qd2 Bc5 43. Qf4 Bd4 44. Qf3 Qd1 45. Re3 Qb1 46. Rd3 Be5 47. Qe2 Qb5 48. f4 Bd4 49. Qd2 Bc5 50. Qc3+ f6 51. e5 Qb1 52. exf6+ exf6 53. Qd2 Qg1+ 54. Kh3 Qh1+ 55. Qh2 Qf1+ 56. Qg2 Qxd3 57. Qh1 Bf2 58. Qg2 Bxg3 59. Qxg3 Qxd5 60. Qe3 Qf5+ 61. Kg3 Qg4+ 62. Kh2 Qxh4+ 63. Kg2 Qg4+ 64. Kf2 Kh6 65. f5+ g5 66. Qe6 Qf4+ 67. Kg2 Qe5 68. Qd7 g4 69. Qc8 Kg5 70. Qc1+ Kxf5 71. Qc8+ Kg5 72. Qg8+ Kh4 0-1

[Event "Wch Seniors 65 (Women) 29th"]
[Site "Bucharest"]
[Date "2019.11.23"]
[Round "11"]
[White "Gaprindashvili, Nona"]
[Black "Bujinlkham, Purevdorj"]
[Result "1-0"]
[WhiteElo "2275"]
[BlackElo "1794"]
[PlyCount "75"]
[EventDate "2019.11.12"]
[EventType "swiss"]
[EventRounds "11"]
[EventCountry "ROU"]
[SourceTitle "CBM 193 Extra"]
[Source "ChessBase"]
[SourceDate "2020.01.31"]
[SourceVersion "1"]
[SourceVersionDate "2020.01.31"]
[SourceQuality "1"]

1. d4 d5 2. c4 e6 3. Nf3 Nf6 4. Bg5 Be7 5. Nc3 Nbd7 6. e3 0-0 7. Qc2 b6 8. cxd5 exd5 9. Bd3 Bb7 10. 0-0 Re8 11. Bf4 c6 12. h3 Nf8 13. Rfd1 Ng6 14. Be5 Nd7 15. Bg3 Ndf8 16. e4 f6 17. exd5 cxd5 18. Bb5 a6 19. Bxe8 Qxe8 20. Qb3 Qc6 21. Rac1 b5 22. Ne4 Qb6 23. Nc5 Bc6 24. Re1 a5 25. a4 b4 26. Rc2 Rd8 27. h4 Bd6 28. h5 Nf4 29. h6 g5 30. Ne4 Kf7 31. Nxd6+ Rxd6 32. Bxf4 gxf4 33. Rec1 Ne6 34. Qd3 Nf8 35. b3 Ng6 36. Qf5 Bd7 37. Rc7 Nf8 38. Ne5+ 1-0

[Event "Wch Seniors 65 (Women) 29th"]
[Site "Bucharest"]
[Date "2019.11.19"]
[Round "7"]
[White "Fatalibekova, Elena"]
[Black "Gaprindashvili, Nona"]
[Result "1-0"]
[WhiteElo "2152"]
[BlackElo "2275"]
[PlyCount "125"]
[EventDate "2019.11.12"]
[EventType "swiss"]
[EventRounds "11"]
[EventCountry "ROU"]
[SourceTitle "CBM 193 Extra"]
[Source "ChessBase"]
[SourceDate "2020.01.31"]
[SourceVersion "1"]
[SourceVersionDate "2020.01.31"]
[SourceQuality "1"]

1. e4 b6 2. d4 Bb7 3. Bd3 e6 4. Nf3 d6 5. c4 c5 6. d5 e5 7. Nc3 g6 8. 0-0 f6 9. Ne1 Nh6 10. g3 Bc8 11. f4 Bh3 12. Ng2 Nd7 13. f5 Bg7 14. Bd2 0-0 15. Qc1 g5 16. Re1 Bxg2 17. Kxg2 Nf7 18. Qd1 a6 19. a4 Re8 20. Qh5 Nf8 21. h4 Qe7 22. Bc2 Reb8 23. Rh1 h6 24. Bd3 Nh7 25. Qd1 Qd8 26. Be2 Ra7 27. Bh5 Nf8 28. Qe2 Nh8 29. Rhf1 Nh7 30. Rf2 Rab7 31. Raf1 Ra7 32. Qg4 Nf8 33. hxg5 hxg5 34. Rh1 Nf7 35. Qh3 Nh6 36. Be2 Nh7 37. Nd1 Bf8 38. Ne3 Qe7 39. Ng4 Nxg4 40. Qxg4 Qd8 41. Rh5 Rg7 42. Kg1 Rbb7 43. Rfh2 Qe8 44. b3 Be7 45. Qh3 Bd8 46. Rh6 Qd7 47. Bh5 b5 48. cxb5 axb5 49. a5 b4 50. a6 Ra7 51. Be2 Qf7 52. Bc4 Bb6 53. Kf1 Kf8 54. Ke2 Rc7 55. Qf1 Qe8 56. Qh1 Kg8 57. Kd3 Ra7 58. Rxf6 Nxf6 59. Rh8+ Kf7 60. Rxe8 Nxe8 61. Qh5+ Ke7 62. Bxg5+ Nf6 63. Bxf6+ 1-0

[Event "Wch Seniors 65 (Women) 29th"]
[Site "Bucharest"]
[Date "2019.11.15"]
[Round "4"]
[White "Gaprindashvili, Nona"]
[Black "Kozlovskaya, Valentina"]
[Result "1-0"]
[WhiteElo "2275"]
[BlackElo "2130"]
[PlyCount "81"]
[EventDate "2019.11.12"]
[EventType "swiss"]
[EventRounds "11"]
[EventCountry "ROU"]
[SourceTitle "CBM 193 Extra"]
[Source "ChessBase"]
[SourceDate "2020.01.31"]
[SourceVersion "1"]
[SourceVersionDate "2020.01.31"]
[SourceQuality "1"]

1. d4 d5 2. c4 e6 3. Nf3 Nf6 4. Bg5 Be7 5. Nc3 c6 6. e3 0-0 7. Qc2 Nbd7 8. a3 Re8 9. h3 Nf8 10. Bf4 N6d7 11. Bd3 b6 12. cxd5 Bb7 13. dxe6 fxe6 14. 0-0 Bf6 15. Ne4 c5 16. dxc5 bxc5 17. Rfd1 Qb6 18. Nfd2 Bd5 19. Nxf6+ gxf6 20. e4 Bc6 21. Nc4 Qd8 22. Be2 Qe7 23. Na5 Rac8 24. Bd6 Qf7 25. Nxc6 Rxc6 26. Bxf8 Rxf8 27. Bb5 Rc7 28. Bxd7 Rxd7 29. Qxc5 Rc7 30. Qe3 Kh8 31. Rac1 Rb7 32. b4 Rg8 33. Qf3 a5 34. bxa5 Rb5 35. a6 Rb6 36. e5 Rxa6 37. Rd6 Ra5 38. Qxf6+ Qxf6 39. exf6 Rxa3 40. Rxe6 Rf8 41. Rc7 1-0